Làng nghề cổ truyền huyện Thuỷ Nguyên - Hải Phòng
Tác phẩm giới thiệu một số làng nghề cổ truyền huyện Thuỷ Nguyên: nghề đan tre, trồng cau, nghề gốm, đan thào, đẽo cày dưới góc nhìn văn hóa dân gian của tác giả Văn Duy. Và các làng nghề khác như: nghề đúc gang, đúc đồng làng, đóng thuyề...
সংরক্ষণ করুন:
| প্রধান লেখক: | |
|---|---|
| বিন্যাস: | গ্রন্থ |
| ভাষা: | Undetermined |
| প্রকাশিত: |
Hà Nội
Văn hóa Dân tộc
2011
|
| বিষয়গুলি: | |
| ট্যাগগুলো: |
ট্যাগ যুক্ত করুন
কোনো ট্যাগ নেই, প্রথমজন হিসাবে ট্যাগ করুন!
|
| Thư viện lưu trữ: | Trung tâm Học liệu Trường Đại học Cần Thơ |
|---|
| LEADER | 01101nam a2200205Ia 4500 | ||
|---|---|---|---|
| 001 | CTU_172713 | ||
| 008 | 210402s9999 xx 000 0 und d | ||
| 082 | |a 680.0959735 | ||
| 082 | |b D523 | ||
| 100 | |a Văn, Duy | ||
| 245 | 0 | |a Làng nghề cổ truyền huyện Thuỷ Nguyên - Hải Phòng | |
| 245 | 0 | |c Văn Duy, Lê Xuân Lựa | |
| 260 | |a Hà Nội | ||
| 260 | |b Văn hóa Dân tộc | ||
| 260 | |c 2011 | ||
| 520 | |a Tác phẩm giới thiệu một số làng nghề cổ truyền huyện Thuỷ Nguyên: nghề đan tre, trồng cau, nghề gốm, đan thào, đẽo cày dưới góc nhìn văn hóa dân gian của tác giả Văn Duy. Và các làng nghề khác như: nghề đúc gang, đúc đồng làng, đóng thuyền, đan thuyền, nung vôi được tác giả Lê Xuân Lựa giới thiệu. | ||
| 650 | |a Handicraft industries,Nghề thủ công | ||
| 650 | |z Vietnam,Việt Nam | ||
| 904 | |i Tuyền,Hải | ||
| 980 | |a Trung tâm Học liệu Trường Đại học Cần Thơ | ||